Sports Quiz

Random Sports Quiz
Score 0/22 Timer 10:00
0 Plays Today
Date Épreuve % Correct
23 marsMilan-San Remo
100%
29 marsE3 BinckBank Classic
100%
7 avrilTour des Flandres
100%
14 avrilParis-Roubaix
100%
21 avrilAmstel Gold Race
100%
28 avrilLiège-Bastogne-Liège
100%
100%
24 avrilFlèche wallonne
85.7%
3 aoûtClassique de Saint-Sébastien
85.7%
12 octobreTour de Lombardie
85.7%
31 marsGand-Wevelgem
71.4%
Date Épreuve % Correct
4 aoûtRideLondon-Surrey Classic
71.4%
1er septembreBretagne Classic
71.4%
2 marsCircuit Het Nieuwsblad
57.1%
9 marsStrade Bianche
57.1%
13 septembreGrand Prix cycliste de Québec
57.1%
15 septembreGrand Prix cycliste de Montréal
57.1%
3 avrilÀ travers les Flandres
42.9%
27 janvierCadel Evans Great Ocean Road Race
28.6%
27 marsTrois Jours de Bruges-La Panne
14.3%
1er maiEschborn-Francfort
0%
25 aoûtEuroEyes Cyclassics
0%
Remove Ads.
Support Sporcle.
Get the best of Sporcle when you Go Orange. This ad-free experience offers more features, more stats, and more fun while also helping to support Sporcle. Thank you for becoming a member.

You're not logged in!

Compare scores with friends on all Sporcle quizzes.
OR
Log In

Sporcle TV

Today on Sporcle TV


Watch our educational content, quiz creation guides, and fun videos on Sporcle TV.

Show Comments

Extras

Created May 10, 2020SourceReportNominate
Tags:2019, Cyclist, date, les, Pay

Top Quizzes Today


Score Distribution

Paid Content

Your Account Isn't Verified!

In order to create a playlist on Sporcle, you need to verify the email address you used during registration. Go to your Sporcle Settings to finish the process.

Report this User

Report this user for behavior that violates our Community Guidelines.

Details: